|
|
|
|
| LEADER |
00000cam a2200000 7i4500 |
| 001 |
0000000498 |
| 005 |
20020711.0 |
| 020 |
0 |
0 |
|a 9211166071
|
| 090 |
0 |
0 |
|a FAO634.98094973
|b SIN 1994
|
| 100 |
1 |
0 |
|a SINKO
|h Milan
|
| 245 |
1 |
0 |
|a Forest and forest products country profile. Slovenia
|c prepared by Milan Sinko
|
| 260 |
0 |
0 |
|a New York :
|b United Nations ,
|c 1994
|
| 300 |
|
|
|a vi, 34 p. ;
|c 30 cm.
|
| 440 |
0 |
0 |
|a Geneva timber and forest study papers; n. 2
|
| 650 |
0 |
0 |
|a Forest products industry
|z Slovenia
|x Statistics
|
| 650 |
0 |
0 |
|a Forests and forestry
|z Slovenia
|x Statistics
|
| 710 |
1 |
1 |
|a Food and Agriculture Organization of the United Nations (FAO)
|
| 710 |
1 |
1 |
|a United Nations. Economic Commission for Europe
|
| 998 |
|
|
|a JPSM
|
| 999 |
|
|
|a 0000000175
|b Monograph
|c Open Shelf
|e Default branch
|